| 000 | 00816nam a22002057a 4500 | ||
|---|---|---|---|
| 005 | 20100726124446.0 | ||
| 010 | _aENG-96749 | ||
| 020 |
_a8124604126 _c900.00 |
||
| 020 |
_a9788124604120 _c900.00 |
||
| 035 | _aEN-80282 | ||
| 037 | _bDBAD/PUB | ||
| 100 |
_aKaul Deambi, Bhushan KumR _91467 |
||
| 245 |
_aSarada and takari alphabets : _borigin and development _cby Bhushan Kumar Kaul Deambi |
||
| 260 |
_aNew Delhi _bIndira Gandhi National Centre for Arts _c2008 |
||
| 270 |
_aCentral Vista, Janpath _bNew Delhi _e110001 |
||
| 300 |
_axxii, 175p _c28cm (Hb) |
||
| 500 | _aIncludes bibliographical refrences and index | ||
| 942 |
_2ddc _cEN _h491.211 _mKAU |
||
| 999 |
_c37708 _d37708 |
||